[Event "MP Reykjavik Open 2011"]
[Site "Reykjavik ISL"]
[Date "2011.03.12"]
[Round "4.58"]
[White "Rutten, David"]
[Black "Kristinsson, Ogmundur"]
[Result "0-1"]
[WhiteElo "1880"]
[BlackElo "2099"]
[PlyCount "82"]
[EventDate "2011.03.09"]
[EventType "swiss"]
[EventRounds "9"]
[EventCountry "ISL"]
[Source "lmi"]
[SourceDate "2011.03.09"]

1. d4 Nf6 2. Nf3 e6 3. e3 d5 4. Bd3 Bd6 5. O-O Nbd7 6. c4 dxc4 7. Bxc4 O-O 8.
Nc3 a6 9. a4 e5 10. Qc2 exd4 11. exd4 Nb6 12. Bd3 h6 13. Ne4 Nxe4 14. Bxe4 c6
15. Bd2 Qf6 16. Qb3 Qe6 17. Qxe6 Bxe6 18. Nh4 Be7 19. Nf5 Bf6 20. Bc3 Nd5 21.
Rfe1 Rad8 22. Rad1 Rd7 23. Rd3 Rfd8 24. Red1 g6 25. Ne3 Nf4 26. R3d2 Bb3 27.
Bc2 Be6 28. Ba5 Re8 29. Bb6 Nd5 30. Nxd5 Bxd5 31. h3 Rde7 32. Bc5 Re1+ 33. Rxe1
Rxe1+ 34. Kh2 Bg5 35. Rd1 Re2 36. Bd3 Rxf2 37. Bf1 Bf4+ 38. Kh1 Rxb2 39. Re1
Kg7 40. a5 Bc7 41. Ra1 f5 0-1

[Event "MP Reykjavik Open 2011"]
[Site "Reykjavik ISL"]
[Date "2011.03.12"]
[Round "4.59"]
[White "Herms Agullo, Jordi"]
[Black "Van Dongen, Leo"]
[Result "1-0"]
[WhiteElo "2098"]
[BlackElo "1828"]
[PlyCount "47"]
[EventDate "2011.03.09"]
[EventType "swiss"]
[EventRounds "9"]
[EventCountry "ISL"]
[Source "lmi"]
[SourceDate "2011.03.09"]

1. e4 e5 2. Nf3 Nc6 3. Bb5 a6 4. Bxc6 dxc6 5. O-O Bd6 6. d4 Bg4 7. dxe5 Bxf3 8.
Qxf3 Bxe5 9. Rd1 Qf6 10. Qb3 b5 11. Nd2 Rd8 12. c3 Qd6 13. g3 Nf6 14. Re1 Ng4
15. Nf3 Qf6 16. Kg2 Rd3 17. Be3 Nxe3+ 18. fxe3 O-O 19. Qc2 Rfd8 20. Nd4 Bxd4
21. cxd4 R8xd4 22. exd4 Qf3+ 23. Kg1 Rxd4 24. Rad1 1-0

[Event "MP Reykjavik Open 2011"]
[Site "Reykjavik ISL"]
[Date "2011.03.12"]
[Round "4.61"]
[White "Larusson, Petur Atli"]
[Black "Fridthjofsdottir, Sigurl  Regin"]
[Result "1-0"]
[WhiteElo "2095"]
[BlackElo "1808"]
[PlyCount "57"]
[EventDate "2011.03.09"]
[EventType "swiss"]
[EventRounds "9"]
[EventCountry "ISL"]
[Source "lmi"]
[SourceDate "2011.03.09"]

1. e4 d5 2. exd5 Qxd5 3. Nc3 Qd6 4. d4 Nf6 5. Nf3 Bg4 6. Be2 e6 7. O-O c6 8.
Re1 Be7 9. Bg5 Nbd7 10. Qd2 Nb6 11. Bxf6 Bxf6 12. Ne4 Qe7 13. Ne5 Bxe2 14. Qxe2
O-O 15. Rad1 Rac8 16. c4 Rfd8 17. b3 h6 18. Qh5 Rc7 19. Rd3 Bxe5 20. Qxe5 f6
21. Qg3 Kh8 22. Nc5 e5 23. dxe5 Rxd3 24. Nxd3 Rc8 25. e6 Re8 26. Nf4 Kg8 27. h3
Nc8 28. Rd1 Nd6 29. Ng6 1-0

[Event "MP Reykjavik Open 2011"]
[Site "Reykjavik ISL"]
[Date "2011.03.12"]
[Round "4.62"]
[White "Erikstad, Olav"]
[Black "Rehfeldt, Frank"]
[Result "0-1"]
[WhiteElo "1829"]
[BlackElo "2091"]
[PlyCount "89"]
[EventDate "2011.03.09"]
[EventType "swiss"]
[EventRounds "9"]
[EventCountry "ISL"]
[Source "lmi"]
[SourceDate "2011.03.09"]

1. e4 c6 2. d4 d5 3. e5 c5 4. c3 Nc6 5. Nf3 Bg4 6. Bb5 Bxf3 7. Qxf3 e6 8. dxc5
Bxc5 9. O-O Nge7 10. Be3 Qb6 11. Bxc5 Qxc5 12. Na3 O-O 13. Rfe1 Rfd8 14. Bd3 d4
15. b4 Qxc3 16. Nb5 Qxb4 17. Rab1 Qd2 18. Nd6 Rf8 19. Ne4 Qh6 20. Nd6 b6 21.
Bb5 Na5 22. Qd3 Rad8 23. Qxd4 Nb7 24. Qe4 Nxd6 25. exd6 Rxd6 26. Qb7 Nd5 27.
Rbc1 Qd2 28. Red1 Qxa2 29. Rc8 Rdd8 30. Rdc1 g6 31. Rxd8 Rxd8 32. g3 Qb2 33.
Rc8 Rxc8 34. Qxc8+ Kg7 35. Be8 Qb1+ 36. Kg2 Qe4+ 37. Kf1 Nf6 38. Bxf7 Kxf7 39.
Qc7+ Kf8 40. Qd8+ Ne8 41. Qd2 Qd5 42. Qb4+ Kf7 43. Qh4 Nf6 44. Qh6 Qd1+ 45. Kg2
0-1

[Event "MP Reykjavik Open 2011"]
[Site "Reykjavik ISL"]
[Date "2011.03.12"]
[Round "4.63"]
[White "Willis, Brad"]
[Black "Finnbogadottir, Tinna Kristin"]
[Result "0-1"]
[WhiteElo "2090"]
[BlackElo "1791"]
[PlyCount "66"]
[EventDate "2011.03.09"]
[EventType "swiss"]
[EventRounds "9"]
[EventCountry "ISL"]
[Source "lmi"]
[SourceDate "2011.03.09"]

1. d4 d5 2. Nf3 c6 3. e3 Nf6 4. Bd3 Bg4 5. Nbd2 Nbd7 6. c3 e5 7. dxe5 Nxe5 8.
Bc2 Bd6 9. O-O Qc7 10. h3 Bh5 11. Re1 Nxf3+ 12. Nxf3 Ne4 13. g4 Bg6 14. Qe2 h5
15. Nh4 hxg4 16. Nxg6 Rxh3 17. Bxe4 dxe4 18. Qxg4 Rh7 19. Qxe4+ Kd7 20. Qf5+
Kd8 21. Nf4 Qe7 22. Kf1 Kc7 23. Nd3 Rah8 24. Qa5+ Kb8 25. Qa4 Rh4 26. Qc2 Qe4
27. Ke2 Qg4+ 28. Kd2 Rd8 29. b3 Rh2 30. Bb2 Bc7 31. Re2 Qf3 32. Rf1 Qg2 33. Qb1
Rh6 0-1

[Event "MP Reykjavik Open 2011"]
[Site "Reykjavik ISL"]
[Date "2011.03.12"]
[Round "4.64"]
[White "Mihajlov, Svetoslav"]
[Black "Helgadottir, Sigridur Bjorg"]
[Result "1-0"]
[WhiteElo "2087"]
[BlackElo "1712"]
[PlyCount "51"]
[EventDate "2011.03.09"]
[EventType "swiss"]
[EventRounds "9"]
[EventCountry "ISL"]
[Source "lmi"]
[SourceDate "2011.03.09"]

1. d4 Nf6 2. c4 g6 3. Nc3 d5 4. cxd5 Nxd5 5. e4 Nxc3 6. bxc3 Bg7 7. Bc4 c5 8.
Ne2 Nc6 9. Be3 O-O 10. O-O Bg4 11. f3 Na5 12. Bxf7+ Rxf7 13. fxg4 Qf8 14. Qa4
Nc6 15. h3 e6 16. Qc4 Qe7 17. Rxf7 Kxf7 18. Rf1+ Kg8 19. e5 Na5 20. Qa4 Qc7 21.
Ng3 cxd4 22. cxd4 Qc3 23. Bf2 Bf8 24. Ne4 Qc7 25. Ng5 Qb6 26. Qd7 1-0

[Event "MP Reykjavik Open 2011"]
[Site "Reykjavik ISL"]
[Date "2011.03.12"]
[Round "4.65"]
[White "Salewski, Bernd"]
[Black "Gates, David A"]
[Result "1-0"]
[WhiteElo "2056"]
[BlackElo "1698"]
[PlyCount "61"]
[EventDate "2011.03.09"]
[EventType "swiss"]
[EventRounds "9"]
[EventCountry "ISL"]
[Source "lmi"]
[SourceDate "2011.03.09"]

1. d4 d5 2. Nc3 c6 3. Bg5 g6 4. Qd2 Bf5 5. f3 Nf6 6. e4 dxe4 7. Bxf6 exf6 8.
fxe4 Qe7 9. O-O-O Bg4 10. Re1 Bg7 11. h3 Bd7 12. Nf3 O-O 13. g4 Rd8 14. Qf4 Qf8
15. Kb1 Be6 16. h4 Qb4 17. Rd1 Na6 18. a3 Qa5 19. g5 f5 20. exf5 Bxf5 21. Bh3
Bxh3 22. Rxh3 c5 23. Ne4 c4 24. Nf6+ Kh8 25. Ne5 Rf8 26. h5 Qb6 27. hxg6 h6 28.
gxf7 Bxf6 29. Rxh6+ Kg7 30. Rg6+ Kh7 31. Qh4# 1-0

[Event "MP Reykjavik Open 2011"]
[Site "Reykjavik ISL"]
[Date "2011.03.12"]
[Round "4.66"]
[White "Johannsdottir, Johanna Bjorg"]
[Black "Will, Matthias"]
[Result "1-0"]
[WhiteElo "1795"]
[BlackElo "2047"]
[PlyCount "125"]
[EventDate "2011.03.09"]
[EventType "swiss"]
[EventRounds "9"]
[EventCountry "ISL"]
[Source "lmi"]
[SourceDate "2011.03.09"]

1. e4 Nf6 2. e5 Nd5 3. d4 d6 4. Nf3 Bg4 5. Be2 Nc6 6. c4 Nb6 7. exd6 exd6 8.
O-O Be7 9. b3 O-O 10. Nc3 d5 11. c5 Nc8 12. Bf4 a6 13. b4 b5 14. Rb1 Bf6 15.
Be3 N8e7 16. Re1 Nf5 17. h3 Nxe3 18. fxe3 Bf5 19. Rb2 Re8 20. Bf1 Qd7 21. a4
Na7 22. Qb3 Be6 23. Bd3 bxa4 24. Qc2 g6 25. Bxa6 Nc6 26. b5 Na5 27. c6 Qd6 28.
Qxa4 Nc4 29. Rf2 Qg3 30. Ne2 Qd6 31. Nf4 Bf5 32. Qb3 h6 33. Rfe2 g5 34. Nd3 Qg3
35. Nf2 h5 36. e4 g4 37. exf5 Rxe2 38. Rxe2 gxf3 39. Qxf3 Qxf3 40. gxf3 Bxd4
41. Re7 Bb6 42. f6 Nd6 43. Kf1 Re8 44. Nd3 Rxe7 45. fxe7 f6 46. Nf4 d4 47. Ke2
Kf7 48. Nd5 Ne8 49. Bc8 Nd6 50. Bd7 Ba5 51. Kd3 f5 52. b6 Bxb6 53. Nxb6 cxb6
54. c7 Kxe7 55. c8=Q Nxc8 56. Bxc8 Kf6 57. Kxd4 Kg5 58. Ke5 f4 59. Bd7 Kh4 60.
Be8 Kg5 61. Ke4 Kh4 62. Kxf4 b5 63. Bxb5 1-0

[Event "MP Reykjavik Open 2011"]
[Site "Reykjavik ISL"]
[Date "2011.03.12"]
[Round "4.67"]
[White "Hajenius, Willem"]
[Black "Ragnarsson, Dagur"]
[Result "1-0"]
[WhiteElo "2028"]
[BlackElo "1625"]
[PlyCount "53"]
[EventDate "2011.03.09"]
[EventType "swiss"]
[EventRounds "9"]
[EventCountry "ISL"]
[Source "lmi"]
[SourceDate "2011.03.09"]

1. d4 d5 2. c4 e6 3. cxd5 exd5 4. Nc3 Nf6 5. Bf4 Bb4 6. e3 O-O 7. Bd3 c5 8. a3
Bxc3+ 9. bxc3 Nc6 10. Ne2 cxd4 11. exd4 Re8 12. h3 Be6 13. O-O h6 14. Rb1 Qd7
15. Ng3 a6 16. a4 Rac8 17. Bc2 Na5 18. Be5 Qd8 19. Qd3 Rc6 20. Rfe1 g6 21. Qe3
Kh7 22. Qf4 Nd7 23. h4 Nxe5 24. Rxe5 Rxc3 25. Rh5 Kg8 26. Qxh6 gxh5 27. Nxh5
1-0

[Event "MP Reykjavik Open 2011"]
[Site "Reykjavik ISL"]
[Date "2011.03.12"]
[Round "4.68"]
[White "Sverrisson, Nokkvi"]
[Black "Magnusson, Magnus"]
[Result "1-0"]
[WhiteElo "1824"]
[BlackElo "2026"]
[PlyCount "77"]
[EventDate "2011.03.09"]
[EventType "swiss"]
[EventRounds "9"]
[EventCountry "ISL"]
[Source "lmi"]
[SourceDate "2011.03.09"]

1. e4 e5 2. Nf3 Nc6 3. d4 exd4 4. Bc4 Nf6 5. e5 d5 6. Bb5 Ne4 7. Nxd4 Bd7 8.
Bxc6 bxc6 9. O-O Be7 10. f3 Nc5 11. f4 f5 12. Nc3 g6 13. Be3 Ne6 14. Nxe6 Bxe6
15. Na4 Qb8 16. Qd4 Qb4 17. Nc5 Qxd4 18. Bxd4 Kf7 19. Rf3 Rhb8 20. Rb3 Rb5 21.
Rxb5 cxb5 22. b4 a5 23. c3 axb4 24. cxb4 Ra3 25. Kf2 g5 26. g3 gxf4 27. gxf4
Bh4+ 28. Ke2 Rh3 29. Rh1 Bg3 30. Kf3 Bh4+ 31. Kg2 Ra3 32. Ra1 Ke7 33. Nb3 Bf7
34. Kh3 Be1 35. Rxe1 Rxa2 36. Bc5+ Kd7 37. Nd4 Bg6 38. e6+ Ke8 39. Nxb5 1-0

[Event "MP Reykjavik Open 2011"]
[Site "Reykjavik ISL"]
[Date "2011.03.12"]
[Round "4.69"]
[White "Puuska, Heini"]
[Black "Johannesson, Oliver"]
[Result "0-1"]
[WhiteElo "2014"]
[BlackElo "1554"]
[PlyCount "50"]
[EventDate "2011.03.09"]
[EventType "swiss"]
[EventRounds "9"]
[EventCountry "ISL"]
[Source "lmi"]
[SourceDate "2011.03.09"]

1. Nf3 Nf6 2. d4 c5 3. dxc5 Qa5+ 4. Nc3 Qxc5 5. e4 d6 6. Bd3 g6 7. Be3 Qa5 8.
Qd2 Bg7 9. Nd4 Ng4 10. Nb3 Qd8 11. Bg5 h6 12. Bh4 O-O 13. h3 Ne5 14. f4 Nxd3+
15. cxd3 Nc6 16. g4 a5 17. Nd5 a4 18. Nc1 Be6 19. Ne2 a3 20. d4 axb2 21. Qxb2
Bxd5 22. exd5 Qa5+ 23. Qd2 Qxd5 24. O-O Nxd4 25. Nxd4 Qxd4+ 0-1

[Event "MP Reykjavik Open 2011"]
[Site "Reykjavik ISL"]
[Date "2011.03.12"]
[Round "4.70"]
[White "Hauksson, Hordur Aron"]
[Black "Thorsteinsdottir, Hallgerdur"]
[Result "0-1"]
[WhiteElo "1719"]
[BlackElo "2011"]
[PlyCount "77"]
[EventDate "2011.03.09"]
[EventType "swiss"]
[EventRounds "9"]
[EventCountry "ISL"]
[Source "lmi"]
[SourceDate "2011.03.09"]

1. d4 Nf6 2. Nf3 g6 3. Bf4 Bg7 4. e3 O-O 5. Bd3 d5 6. Nbd2 c5 7. c3 b6 8. Qe2
Bb7 9. h4 h5 10. Ne5 Qe8 11. g4 Nc6 12. gxh5 Nxh5 13. Rg1 Nxe5 14. Bxe5 Bxe5
15. Qxh5 Bf6 16. O-O-O Kg7 17. Qf3 Bxh4 18. Rh1 Rh8 19. Rh2 Qa4 20. Rg1 Bf6 21.
Rhg2 Rh6 22. Qf5 Rah8 23. f4 Qxa2 24. Qg4 Qa1+ 25. Nb1 Qa4 26. f5 g5 27. Qf4
Rh1 28. Rxg5+ Bxg5 29. Qe5+ Kf8 30. Kd2 R1h2+ 31. Be2 f6 32. Qb8+ Kf7 33. Qxb7
Qc4 34. Re1 R8h3 35. Na3 Bxe3+ 36. Kc2 Rxe2+ 37. Rxe2 Qxe2+ 38. Kb1 Qd3+ 39.
Ka2 0-1

[Event "MP Reykjavik Open 2011"]
[Site "Reykjavik ISL"]
[Date "2011.03.12"]
[Round "4.71"]
[White "Brynjarsson, Helgi"]
[Black "Johannesson, Kristofer Joel"]
[Result "1-0"]
[WhiteElo "2008"]
[BlackElo "1437"]
[PlyCount "78"]
[EventDate "2011.03.09"]
[EventType "swiss"]
[EventRounds "9"]
[EventCountry "ISL"]
[Source "lmi"]
[SourceDate "2011.03.09"]

1. e4 e5 2. Nf3 Nc6 3. c3 Bc5 4. d4 exd4 5. cxd4 Bb4+ 6. Bd2 Bxd2+ 7. Nbxd2 d6
8. h3 Nf6 9. Bc4 d5 10. exd5 Nxd5 11. O-O O-O 12. Ne4 Nf6 13. Ng3 Na5 14. b3
Nxc4 15. bxc4 c6 16. Qd3 Be6 17. Rab1 Qa5 18. Rxb7 Qxa2 19. Ne5 Rab8 20. Rfb1
Rxb7 21. Rxb7 Rc8 22. Nf1 a5 23. Ne3 a4 24. f4 Rd8 25. Nxc6 Re8 26. Rb1 Bd7 27.
Ne5 h6 28. d5 a3 29. Nd1 Ba4 30. Nc3 Qc2 31. Qxc2 Bxc2 32. Ra1 Ra8 33. Kf2 Ne4+
34. Nxe4 Bxe4 35. g3 Ra5 36. Ke3 Bc2 37. Kd4 f6 38. Nc6 Ra4 39. d6 Bf5 1-0

[Event "MP Reykjavik Open 2011"]
[Site "Reykjavik ISL"]
[Date "2011.03.12"]
[Round "4.72"]
[White "Brynjarsson, Eirikur Orn"]
[Black "Keetbaas, Herman"]
[Result "0-1"]
[WhiteElo "1626"]
[BlackElo "1991"]
[PlyCount "58"]
[EventDate "2011.03.09"]
[EventType "swiss"]
[EventRounds "9"]
[EventCountry "ISL"]
[Source "lmi"]
[SourceDate "2011.03.09"]

1. e4 c6 2. d4 d5 3. exd5 cxd5 4. Nc3 Nf6 5. Bf4 a6 6. Bd3 Nc6 7. Nge2 Bg4 8.
Qd2 e6 9. f3 Bh5 10. O-O-O Nb4 11. h4 Nxd3+ 12. Qxd3 Bg6 13. Qe3 Be7 14. g4 h5
15. g5 Nd7 16. Be5 Kf8 17. Nf4 Bf5 18. Nfxd5 exd5 19. Nxd5 Be6 20. Nc7 Rc8 21.
Qf4 Kg8 22. g6 Nxe5 23. Nxe6 Nxg6 24. Qe4 fxe6 25. Qxg6 Rh6 26. Qe4 Qd5 27. Qe3
Rf6 28. Rdg1 Rxf3 29. Qh6 Rf1+ 0-1

[Event "MP Reykjavik Open 2011"]
[Site "Reykjavik ISL"]
[Date "2011.03.12"]
[Round "4.73"]
[White "Karlsson, Mikael Johann"]
[Black "Klein, Gernot"]
[Result "1-0"]
[WhiteElo "1835"]
[BlackElo "1924"]
[PlyCount "114"]
[EventDate "2011.03.09"]
[EventType "swiss"]
[EventRounds "9"]
[EventCountry "ISL"]
[Source "lmi"]
[SourceDate "2011.03.09"]

1. c4 e6 2. g3 d5 3. Bg2 c6 4. Nf3 Nf6 5. O-O Bd6 6. d3 O-O 7. Nbd2 Nbd7 8. Rb1
a5 9. b3 Re8 10. Bb2 b6 11. Nd4 Bb7 12. cxd5 Nxd5 13. Rc1 Rc8 14. Nc4 Bf8 15.
a4 g6 16. Qd2 Nc5 17. Ba3 e5 18. Bxc5 Bxc5 19. Nf3 Bb4 20. Qc2 Qc7 21. Qb2 f6
22. e4 Ne7 23. d4 b5 24. Ne3 exd4 25. Nxd4 Qd6 26. axb5 Ba3 27. Nc4 Bxb2 28.
Nxd6 Bxd4 29. Nxb7 cxb5 30. Nxa5 Bc3 31. Nb7 Be5 32. Nc5 Kf7 33. Nd3 Bd4 34.
Rfd1 Rxc1 35. Nxc1 Rd8 36. Kf1 Bb6 37. Rxd8 Bxd8 38. Ke2 Ke6 39. Kd3 Bb6 40. f4
Bg1 41. h3 Kd6 42. Ne2 Bf2 43. g4 Nc6 44. Nc3 Na7 45. e5+ Ke6 46. Bd5+ Kd7 47.
exf6 Bc5 48. g5 Ke8 49. Ne4 Ba3 50. Bg8 Nc8 51. Bxh7 Kf7 52. f5 gxf5 53. Bxf5
Nd6 54. g6+ Ke8 55. Nxd6+ Bxd6 56. g7 Kf7 57. Be6+ Kxf6 1-0

[Event "MP Reykjavik Open 2011"]
[Site "Reykjavik ISL"]
[Date "2011.03.12"]
[Round "4.74"]
[White "Benediktsson, Frimann"]
[Black "Kristinardottir, Elsa Maria"]
[Result "1/2-1/2"]
[WhiteElo "1917"]
[BlackElo "1702"]
[PlyCount "52"]
[EventDate "2011.03.09"]
[EventType "swiss"]
[EventRounds "9"]
[EventCountry "ISL"]
[Source "lmi"]
[SourceDate "2011.03.09"]

1. d4 d5 2. Nf3 Nf6 3. g3 c5 4. dxc5 Nc6 5. Bg2 e6 6. O-O Bxc5 7. Nbd2 O-O 8.
Nb3 Bd6 9. Be3 Qe7 10. c3 b6 11. Nbd4 Nxd4 12. cxd4 Ba6 13. Re1 Bb4 14. Bd2
Rfc8 15. Qa4 Bxd2 16. Nxd2 Bb7 17. Rac1 a6 18. Qb3 Qd6 19. a3 h6 20. Qd3 Rxc1
21. Rxc1 Rc8 22. Rxc8+ Bxc8 23. Bf3 Bb7 24. Qc2 Qc6 25. Qxc6 Bxc6 26. Kf1 Kf8
1/2-1/2

[Event "MP Reykjavik Open 2011"]
[Site "Reykjavik ISL"]
[Date "2011.03.12"]
[Round "4.75"]
[White "Fivelstad, Jon Olav"]
[Black "Sigurdarson, Emil"]
[Result "1-0"]
[WhiteElo "1854"]
[BlackElo "1694"]
[PlyCount "147"]
[EventDate "2011.03.09"]
[EventType "swiss"]
[EventRounds "9"]
[EventCountry "ISL"]
[Source "lmi"]
[SourceDate "2011.03.09"]

1. c4 e6 2. Nf3 d5 3. g3 Nf6 4. b3 c5 5. Bg2 Be7 6. O-O O-O 7. Bb2 Nc6 8. cxd5
Nxd5 9. Na3 Bf6 10. Nc4 Bxb2 11. Nxb2 b6 12. Nc4 Bb7 13. d4 Nxd4 14. Nxd4 cxd4
15. Qxd4 Qe7 16. Qe5 Rfd8 17. Rad1 f6 18. Qb2 Nb4 19. Bxb7 Qxb7 20. a3 Nc6 21.
b4 b5 22. Nd6 Qb8 23. Ne4 Ne5 24. Nc5 Nc4 25. Qc3 Qb6 26. a4 a6 27. a5 Qc6 28.
Rd4 e5 29. Rd3 Rd6 30. Rfd1 Rad8 31. Rxd6 Rxd6 32. Rxd6 Qxd6 33. Qd3 Qc6 34.
Qd7 Qxd7 35. Nxd7 Kf7 36. Nc5 Ke7 37. Kf1 Kd6 38. Nxa6 Na3 39. Ke1 Nc2+ 40. Kd2
Nd4 41. Nc5 f5 42. e3 Nc6 43. a6 Kc7 44. Kc3 Kb6 45. h4 e4 46. Ne6 g6 47. Nf8
Kxa6 48. Nxh7 Kb6 49. Nf8 Ne7 50. Nxg6 Nxg6 51. Kd4 Kc6 52. h5 Ne7 53. Ke5 Kd7
54. Kf6 Nd5+ 55. Kf7 Nxb4 56. h6 Nc6 57. h7 Ne5+ 58. Kg7 b4 59. h8=Q Nd3 60.
Qb8 Ke6 61. Qb6+ Kd5 62. Qd4+ Kc6 63. Qc4+ Kb6 64. Kf6 Ka5 65. Kxf5 Ka4 66.
Kxe4 Nxf2+ 67. Kf3 Nh3 68. Qa6+ Kb3 69. Qe6+ Kc2 70. Qxh3 b3 71. Qg2+ Kb1 72.
g4 b2 73. Qxb2+ Kxb2 74. g5 1-0

[Event "MP Reykjavik Open 2011"]
[Site "Reykjavik ISL"]
[Date "2011.03.12"]
[Round "4.76"]
[White "Kjartansson, Dagur"]
[Black "Duchrow, Oliver"]
[Result "0-1"]
[WhiteElo "1517"]
[BlackElo "2165"]
[PlyCount "76"]
[EventDate "2011.03.09"]
[EventType "swiss"]
[EventRounds "9"]
[EventCountry "ISL"]
[Source "lmi"]
[SourceDate "2011.03.09"]

1. d4 f5 2. c4 d6 3. Nf3 Nf6 4. Nc3 g6 5. g3 Bg7 6. Bg2 O-O 7. O-O a5 8. a4 Qe8
9. d5 e5 10. Ng5 Na6 11. Ne6 Bxe6 12. dxe6 e4 13. e7 Qxe7 14. Bg5 Qe6 15. Nd5
Nxd5 16. cxd5 Qe5 17. Rb1 Nb4 18. f3 Rae8 19. Rc1 c6 20. dxc6 bxc6 21. Bf4 Qxb2
22. fxe4 fxe4 23. Qxd6 Qxe2 24. Rcd1 Qc2 25. Rc1 Qxa4 26. Be3 Nc2 27. Bc5 Nd4
28. Rxf8+ Rxf8 29. Bf1 Kh8 30. Qd7 Nf3+ 31. Kh1 Ne5 32. Qe6 Rd8 33. Qe7 Rg8 34.
Bh3 e3 35. Bg2 e2 36. Re1 Nd3 37. Rxe2 Nxc5 38. Qxc5 Qd1+ 0-1

[Event "MP Reykjavik Open 2011"]
[Site "Reykjavik ISL"]
[Date "2011.03.12"]
[Round "4.77"]
[White "Stefansson, Vignir Vatnar"]
[Black "Van der Plas, Rob"]
[Result "0-1"]
[WhiteElo "1501"]
[BlackElo "2165"]
[PlyCount "32"]
[EventDate "2011.03.09"]
[EventType "swiss"]
[EventRounds "9"]
[EventCountry "ISL"]
[Source "lmi"]
[SourceDate "2011.03.09"]

1. c4 b6 2. g3 Bb7 3. Nf3 e5 4. Bg2 Bc5 5. O-O e4 6. Ne1 f5 7. Nc3 Nf6 8. d4
Be7 9. b3 O-O 10. Bb2 d5 11. Rb1 Nc6 12. e3 dxc4 13. bxc4 Na5 14. Qa4 Qe8 15.
Qc2 Qc6 16. Nb5 Qxc4 0-1

[Event "MP Reykjavik Open 2011"]
[Site "Reykjavik ISL"]
[Date "2011.03.12"]
[Round "4.78"]
[White "Calder, Dennis"]
[Black "Sigurdsson, Birkir Karl"]
[Result "1/2-1/2"]
[WhiteElo "1949"]
[BlackElo "1481"]
[PlyCount "47"]
[EventDate "2011.03.09"]
[EventType "swiss"]
[EventRounds "9"]
[EventCountry "ISL"]
[Source "lmi"]
[SourceDate "2011.03.09"]

1. d4 Nf6 2. Nf3 e6 3. c4 Bb4+ 4. Bd2 Qe7 5. a3 Bxd2+ 6. Qxd2 Ne4 7. Qc2 d5 8.
e3 c6 9. Bd3 Nf6 10. O-O O-O 11. Nc3 Nbd7 12. Rfe1 dxc4 13. Bxc4 Nb6 14. Ba2 c5
15. Rad1 cxd4 16. exd4 Qc7 17. Bb1 Bd7 18. Ng5 h6 19. Nh7 Ng4 20. g3 Rfc8 21.
h3 g6 22. hxg4 Kxh7 23. Kg2 Ba4 24. Nxa4 1/2-1/2

[Event "MP Reykjavik Open 2011"]
[Site "Reykjavik ISL"]
[Date "2011.03.12"]
[Round "5.1"]
[White "Halkias, Stelios"]
[Black "Hess, Robert L"]
[Result "1/2-1/2"]
[WhiteElo "2579"]
[BlackElo "2565"]
[PlyCount "91"]
[EventDate "2011.03.09"]
[EventType "swiss"]
[EventRounds "9"]
[EventCountry "ISL"]
[Source "lmi"]
[SourceDate "2011.03.09"]

1. d4 Nf6 2. Nf3 e6 3. c4 Bb4+ 4. Bd2 a5 5. Nc3 b6 6. e3 O-O 7. Bd3 d5 8. O-O
Bb7 9. cxd5 exd5 10. Qc2 Nbd7 11. Rfc1 c5 12. Bf5 c4 13. Ne5 Bc8 14. a3 Bxc3
15. Bxc3 g6 16. Bxd7 Bxd7 17. f3 Bf5 18. Qf2 Ne8 19. e4 Be6 20. Re1 Rc8 21. h3
Nd6 22. exd5 Bxd5 23. Ng4 Nb5 24. Rad1 Nxc3 25. bxc3 h5 26. Ne5 Rc7 27. Qg3 Qd6
28. Qf4 Qd8 29. Qh6 Qf6 30. Rb1 Re7 31. Rb5 Rd8 32. Reb1 Re6 33. Qd2 Red6 34.
Qf2 Qf4 35. g3 Qf6 36. h4 Kg7 37. Qe3 Qe7 38. f4 Qf6 39. f5 gxf5 40. Rf1 Qe7
41. Rxf5 f6 42. Rxh5 fxe5 43. Rg5+ Kh8 44. Rh5+ Kg7 45. Rg5+ Kh8 46. Rh5+
1/2-1/2

[Event "MP Reykjavik Open 2011"]
[Site "Reykjavik ISL"]
[Date "2011.03.12"]
[Round "5.2"]
[White "McShane, Luke J"]
[Black "Gupta, Abhijeet"]
[Result "1-0"]
[WhiteElo "2683"]
[BlackElo "2580"]
[PlyCount "143"]
[EventDate "2011.03.09"]
[EventType "swiss"]
[EventRounds "9"]
[EventCountry "ISL"]
[Source "lmi"]
[SourceDate "2011.03.09"]

1. e4 e5 2. Nf3 Nc6 3. Bc4 Nf6 4. Ng5 d5 5. exd5 Na5 6. Bb5+ c6 7. dxc6 bxc6 8.
Bd3 Nd5 9. Nf3 Bd6 10. O-O Nf4 11. Re1 Nxd3 12. cxd3 O-O 13. Nxe5 Re8 14. d4 f6
15. Nf3 Bg4 16. Rf1 Re4 17. h3 Bh5 18. Nc3 Rxd4 19. Re1 Qd7 20. Qe2 Nc4 21. b3
Bxf3 22. Qxf3 Ne5 23. Qe2 f5 24. Ba3 Bc7 25. Rad1 Re8 26. Kh1 Rd8 27. Bc5 Rd3
28. Be3 Ng6 29. Bg5 Rc8 30. Qe6+ Qxe6 31. Rxe6 Bb6 32. Re2 f4 33. Re4 Rf8 34.
f3 Bc5 35. Ne2 Bd6 36. h4 h6 37. h5 Rd5 38. hxg6 Rxg5 39. Re6 Rd8 40. Kg1 Ra5
41. Nc3 Bb4 42. Rde1 Rxd2 43. Rxc6 Rd8 44. Re2 Bc5+ 45. Kf1 Be3 46. g4 h5 47.
Kg2 Kf8 48. Kh3 Ke7 49. Kh4 Kd7 50. Rc4 hxg4 51. Kxg4 Ra6 52. Nd5 Rf8 53. Rc7+
Kd6 54. Rf7 Kxd5 55. Rxf8 Rxg6+ 56. Kf5 Rg1 57. Rd8+ Kc5 58. Rc2+ Kb4 59. Rb8+
Ka3 60. Rbc8 g6+ 61. Ke4 Rg5 62. R8c4 Ra5 63. Rg2 Ra6 64. Kd3 Ra5 65. Kc3 Bc1
66. Rg5 Ra6 67. Rxg6 Ra5 68. Kc2 Be3 69. Rg5 Ra6 70. Rg6 Ra5 71. Re6 Kxa2 72.
Ree4 1-0

[Event "MP Reykjavik Open 2011"]
[Site "Reykjavik ISL"]
[Date "2011.03.12"]
[Round "5.3"]
[White "Adly, Ahmed"]
[Black "Jones, Gawain C B"]
[Result "1/2-1/2"]
[WhiteElo "2640"]
[BlackElo "2578"]
[PlyCount "23"]
[EventDate "2011.03.09"]
[EventType "swiss"]
[EventRounds "9"]
[EventCountry "ISL"]
[Source "lmi"]
[SourceDate "2011.03.09"]

1. Nf3 Nf6 2. g3 g6 3. Bg2 Bg7 4. d4 O-O 5. c4 d6 6. O-O Nc6 7. Nc3 Rb8 8. Re1
a6 9. Rb1 e5 10. d5 Nd4 11. Be3 Nf5 12. Bc1 1/2-1/2

[Event "MP Reykjavik Open 2011"]
[Site "Reykjavik ISL"]
[Date "2011.03.12"]
[Round "5.4"]
[White "Nyzhnyk, Illya"]
[Black "Kuzubov, Yuriy"]
[Result "0-1"]
[WhiteElo "2563"]
[BlackElo "2627"]
[PlyCount "90"]
[EventDate "2011.03.09"]
[EventType "swiss"]
[EventRounds "9"]
[EventCountry "ISL"]
[Source "lmi"]
[SourceDate "2011.03.09"]

1. d4 f5 2. Nc3 Nf6 3. Bf4 e6 4. e3 Be7 5. Bd3 O-O 6. Nge2 d5 7. O-O c5 8. dxc5
Nc6 9. Na4 e5 10. Bg5 Be6 11. Bxf6 Rxf6 12. c3 Qe8 13. f4 Rd8 14. Bb5 Rh6 15.
Bxc6 bxc6 16. fxe5 Bc8 17. Nf4 g5 18. Nd3 Rh4 19. Nf2 Bf8 20. g3 Rh6 21. Nd3
Bg7 22. b3 Bxe5 23. Nxe5 Qxe5 24. Qd4 Qe7 25. Qd3 Re6 26. Qxf5 Rxe3 27. Qf6
Qxf6 28. Rxf6 Bh3 29. Rf2 Rde8 30. Rd2 h5 31. Nb2 Rxc3 32. b4 Kg7 33. Nd3 Bf5
34. Nb2 Re4 35. a3 Kg6 36. Kf2 Re6 37. Nd1 Rb3 38. Re2 Rxe2+ 39. Kxe2 d4 40.
Ra2 Kf6 41. Kd2 Ke5 42. Rb2 Rxa3 43. b5 cxb5 44. Rxb5 Ra2+ 45. Nb2 a6 0-1